[Event "AUT-ch Seniors 65"]
[Site "Vienna"]
[Date "2023.05.16"]
[Round "2"]
[White "Schwabeneder, Alois"]
[Black "Pantelic, Slobodan"]
[Result "1-0"]
[WhiteElo "1893"]
[BlackElo "1527"]
[PlyCount "81"]
[EventDate "2023.05.15"]
[EventType "swiss"]
[EventRounds "7"]
[EventCountry "AUT"]
[SourceTitle "CBM 214 Extra"]
[Source "ChessBase"]
[SourceDate "2023.07.31"]
[SourceVersion "1"]
[SourceVersionDate "2023.07.31"]
[SourceQuality "1"]

1. e4 c5 2. Nf3 e6 3. g3 Nc6 4. Bg2 Nf6 5. d3 d6 6. 0-0 Be7 7. Re1 Qc7 8. c3 0-0 9. d4 cxd4 10. cxd4 Bd7 11. Nc3 a6 12. h3 Rac8 13. Be3 b5 14. Rc1 Qa5 15. a3 Rfd8 16. Qe2 Be8 17. d5 Ne5 18. Nd4 exd5 19. exd5 Bf8 20. Bg5 Bd7 21. Bxf6 gxf6 22. Ne4 f5 23. Ng5 h6 24. Ngf3 Re8 25. Qf1 Bg7 26. Nh4 Rxc1 27. Rxc1 f4 28. Ndf5 fxg3 29. fxg3 Qb6+ 30. Kh2 Nc4 31. Nxg7 Kxg7 32. Qf4 Qe3 33. Rxc4 bxc4 34. Qxd6 Re7 35. Qxd7 Qxg3+ 36. Kxg3 Rxd7 37. Nf5+ Kg6 38. Ne3 c3 39. bxc3 f5 40. Kf4 Rb7 41. d6 1-0

[Event "Vienna State-chB"]
[Site "Vienna"]
[Date "2022.09.25"]
[Round "9"]
[White "Stadlinger, Lukas"]
[Black "Schwabeneder, Alois"]
[Result "1-0"]
[WhiteElo "1729"]
[BlackElo "1911"]
[PlyCount "51"]
[EventDate "2022.09.17"]
[EventType "swiss"]
[EventRounds "9"]
[EventCountry "AUT"]
[SourceTitle "CBM 210 Extra"]
[Source "ChessBase"]
[SourceDate "2022.11.30"]
[SourceVersion "1"]
[SourceVersionDate "2022.11.30"]
[SourceQuality "1"]

1. d4 Nf6 2. Nc3 d5 3. Bf4 c6 4. e3 Bg4 5. f3 Bh5 6. g4 Bg6 7. h4 h6 8. Bd3 Bxd3 9. Qxd3 e6 10. 0-0-0 Nbd7 11. Nge2 b5 12. Ng3 a5 13. g5 Ng8 14. e4 b4 15. exd5 bxc3 16. dxe6 cxb2+ 17. Kb1 hxg5 18. exf7+ Kxf7 19. Qc4+ Kg6 20. hxg5 Rxh1 21. Rxh1 Ne7 22. Qe6+ Nf6 23. gxf6 Qd5 24. Qg4+ Kxf6 25. Ne4+ Kf7 26. Nd6+ 1-0

[Event "Vienna State-chB"]
[Site "Vienna"]
[Date "2022.09.22"]
[Round "6"]
[White "Schwabeneder, Alois"]
[Black "Pavlov, Alexander1111"]
[Result "1/2-1/2"]
[WhiteElo "1911"]
[BlackElo "1685"]
[PlyCount "46"]
[EventDate "2022.09.17"]
[EventType "swiss"]
[EventRounds "9"]
[EventCountry "AUT"]
[SourceTitle "CBM 210 Extra"]
[Source "ChessBase"]
[SourceDate "2022.11.30"]
[SourceVersion "1"]
[SourceVersionDate "2022.11.30"]
[SourceQuality "1"]

1. e4 e5 2. Nf3 Nc6 3. Bb5 a6 4. Ba4 Nf6 5. d3 d6 6. Bg5 h6 7. Bh4 Be7 8. 0-0 Bg4 9. Nbd2 0-0 10. c3 Nh7 11. Bxe7 Nxe7 12. Qe1 f5 13. h3 Bxf3 14. Nxf3 f4 15. d4 Ng6 16. Rd1 Nh4 17. Qe2 Nxf3+ 18. Qxf3 Ng5 19. Qg4 Qf6 20. h4 Nf7 21. g3 g5 22. Bb3 Kh7 23. h5 Rad8 1/2-1/2

[Event "Vienna State-chB"]
[Site "Vienna"]
[Date "2022.09.21"]
[Round "5"]
[White "Obenaus, Paul"]
[Black "Schwabeneder, Alois"]
[Result "1-0"]
[WhiteElo "1825"]
[BlackElo "1911"]
[PlyCount "81"]
[EventDate "2022.09.17"]
[EventType "swiss"]
[EventRounds "9"]
[EventCountry "AUT"]
[SourceTitle "CBM 210 Extra"]
[Source "ChessBase"]
[SourceDate "2022.11.30"]
[SourceVersion "1"]
[SourceVersionDate "2022.11.30"]
[SourceQuality "1"]

1. d4 Nf6 2. c4 d6 3. Nc3 Nbd7 4. e4 e5 5. Nf3 Be7 6. Be2 a6 7. 0-0 0-0 8. Re1 exd4 9. Nxd4 Nc5 10. Bf1 Bg4 11. f3 Bd7 12. b4 Ne6 13. Nf5 Re8 14. Nxe7+ Rxe7 15. Be3 Re8 16. Qd2 Bc6 17. Rad1 b6 18. Qc2 a5 19. e5 axb4 20. Nb5 Nh5 21. exd6 cxd6 22. Nxd6 Ba4 23. Qf5 Nf6 24. Nxe8 Bxd1 25. Nxf6+ gxf6 26. Bd3 Ba4 27. Qxh7+ Kf8 28. Bf5 Bd7 29. Bf4 Ke7 30. Bd2 Ra4 31. Bc2 Bc6 32. Rd1 Qd6 33. Bb3 Ra5 34. Be3 Qc7 35. Qd3 Rh5 36. h3 Bxf3 37. gxf3 Qg3+ 38. Kf1 Qxh3+ 39. Ke1 Qg2 40. Qd6+ Ke8 41. Ba4+ 1-0

[Event "AUT-chT 2122"]
[Site "Austria"]
[Date "2021.11.04"]
[Round "1.6"]
[White "Drnovsek, Gal"]
[Black "Schwabeneder, Alois"]
[Result "1/2-1/2"]
[WhiteElo "2391"]
[BlackElo "1961"]
[PlyCount "137"]
[EventDate "2021.11.04"]
[EventType "team-tourn"]
[EventRounds "11"]
[EventCountry "AUT"]
[SourceTitle "CBM 205 Extra"]
[Source "ChessBase"]
[SourceDate "2022.01.31"]
[SourceVersion "1"]
[SourceVersionDate "2022.01.31"]
[SourceQuality "1"]
[WhiteTeam "St Veit"]
[BlackTeam "Grieskirchen/Schallerbach"]
[WhiteTeamCountry "AUT"]
[BlackTeamCountry "AUT"]

1. d4 Nf6 2. c4 d6 3. Nf3 Nbd7 4. Nc3 e5 5. g3 Be7 6. Bg2 0-0 7. 0-0 c6 8. e4 Re8 9. Qc2 Qc7 10. b3 Nf8 11. h3 Ne6 12. Be3 Qa5 13. d5 Nf8 14. a3 Qc7 15. Rac1 Bd7 16. b4 a5 17. c5 cxd5 18. Nxd5 Nxd5 19. exd5 Bb5 20. Rfe1 axb4 21. axb4 Rec8 22. Qb2 Nd7 23. Nd2 f5 24. Nb3 Bf6 25. c6 Nf8 26. Na5 b6 27. Nc4 Rcb8 28. Bf1 Ng6 29. Qc2 e4 30. f4 exf3 31. Qxf5 Bxc4 32. Rxc4 Ne5 33. Rc2 Rf8 34. Bf2 Rae8 35. Ra2 Qf7 36. Rd1 Nxc6 37. dxc6 Qxa2 38. Qd5+ Qxd5 39. Rxd5 Re2 40. Bxb6 Be5 41. Bf2 Rc2 42. b5 Ra8 43. Rd3 Raa2 44. Rxf3 Rab2 45. Ba7 Rc1 46. Be3 Rc3 47. Rf2 Rb1 48. Kg2 d5 49. Bf4 Bd4 50. Rd2 Bb6 51. Bd3 Rbb3 52. Bf5 Rxb5 53. Be6+ Kh8 54. Bxd5 h5 55. h4 Rbc5 56. Be4 R5c4 57. Re2 Rxe4 58. Rxe4 Rxc6 59. Re2 Bd4 60. Rd2 Bf6 61. Kf3 Rc5 62. Ke4 Kg8 63. Rd5 Rxd5 64. Kxd5 Kf7 65. Ke4 Ke6 66. Be3 Be5 67. Bf4 Bf6 68. Be3 Be5 69. Bf4 1/2-1/2

[Event "AUT-chT 2021"]
[Site "Austria"]
[Date "2021.01.23"]
[Round "3.3"]
[White "Schwabeneder, Alois"]
[Black "Gschiel, Alexander"]
[Result "0-1"]
[WhiteElo "1998"]
[BlackElo "2006"]
[PlyCount "48"]
[EventDate "2021.01.22"]
[EventType "team-tourn"]
[EventRounds "7"]
[EventCountry "AUT"]
[SourceTitle "CBM 200 Extra"]
[Source "ChessBase"]
[SourceDate "2021.03.31"]
[SourceVersion "1"]
[SourceVersionDate "2021.03.31"]
[SourceQuality "1"]
[WhiteTeam "Grieskirchen/Schallerbach"]
[BlackTeam "Pamhagen"]
[WhiteTeamCountry "AUT"]
[BlackTeamCountry "AUT"]

1. e4 c5 2. Nf3 d6 3. c3 Nf6 4. d3 g6 5. g3 Bg7 6. Bg2 0-0 7. 0-0 Nc6 8. a3 h6 9. b4 e5 10. Bb2 Be6 11. Re1 Qd7 12. d4 exd4 13. cxd4 Ne8 14. Qd2 cxd4 15. Nxd4 Ne5 16. Qe2 Bc4 17. Qc2 Rc8 18. Qd2 Nc7 19. Nf3 Rfd8 20. Nxe5 dxe5 21. Qe3 Nb5 22. Nc3 Nd4 23. Rac1 Bb3 24. Qd2 Nf3+ 0-1

[Event "AUT-chT 2021"]
[Site "Austria"]
[Date "2021.01.23"]
[Round "2.1"]
[White "Steindl, Johannes"]
[Black "Schwabeneder, Alois"]
[Result "1-0"]
[WhiteElo "2265"]
[BlackElo "1998"]
[PlyCount "45"]
[EventDate "2021.01.22"]
[EventType "team-tourn"]
[EventRounds "7"]
[EventCountry "AUT"]
[SourceTitle "CBM 200 Extra"]
[Source "ChessBase"]
[SourceDate "2021.03.31"]
[SourceVersion "1"]
[SourceVersionDate "2021.03.31"]
[SourceQuality "1"]
[WhiteTeam "Wien Ottakring"]
[BlackTeam "Grieskirchen/Schallerbach"]
[WhiteTeamCountry "AUT"]
[BlackTeamCountry "AUT"]

1. e4 d5 2. exd5 Qxd5 3. Nc3 Qa5 4. d4 Nf6 5. Nf3 Bf5 6. Ne5 c6 7. h4 Nbd7 8. Nc4 Qc7 9. Qf3 Bg4 10. Bf4 e5 11. Qe3 Nd5 12. Nxd5 cxd5 13. Bxe5 Nxe5 14. Nxe5 Qa5+ 15. Qd2 Qxd2+ 16. Kxd2 Be6 17. Bb5+ Kd8 18. Rae1 g6 19. h5 Bh6+ 20. Kd1 Ke7 21. c4 Kd6 22. hxg6 hxg6 23. Nxf7+ 1-0

[Event "AUT-ch Vor4 Internet"]
[Site "Playchess.com INT"]
[Date "2020.04.25"]
[Round "8"]
[White "Bachner, Karsten"]
[Black "Schwabeneder, Alois"]
[Result "1-0"]
[WhiteElo "1997"]
[BlackElo "2004"]
[PlyCount "95"]
[EventDate "2020.04.25"]
[EventType "swiss (blitz)"]
[EventRounds "9"]
[EventCountry "AUT"]
[SourceTitle "EXT 2021"]
[Source "ChessBase"]
[SourceDate "2020.10.23"]
[SourceVersion "1"]
[SourceVersionDate "2020.10.23"]
[SourceQuality "1"]

1. g4 d5 2. Bg2 Bxg4 3. c4 c6 4. cxd5 cxd5 5. Qb3 Qd7 6. Bxd5 Nc6 7. h3 Bh5 8. Nc3 e6 9. Bg2 Bg6 10. d3 Nf6 11. Nf3 Bd6 12. Nb5 0-0 13. Nxd6 Qxd6 14. Bd2 Rac8 15. 0-0 b6 16. Rac1 Nd4 17. Nxd4 Qxd4 18. Bc3 Qf4 19. e3 Qf5 20. Bb4 Rfd8 21. Be7 Re8 22. Bxf6 Qxf6 23. d4 Qf5 24. Qb4 Qd3 25. Rfd1 Qe2 26. Re1 Qd3 27. Bf1 Qe4 28. Qd2 h5 29. Bg2 Qf5 30. Rxc8 Rxc8 31. Rc1 Rxc1+ 32. Qxc1 Qb5 33. Qc8+ Kh7 34. Qc3 a5 35. Kh2 Qe2 36. Kg1 Qd1+ 37. Kh2 Qe2 38. Kg1 Qd1+ 39. Bf1 Bf5 40. e4 Bxh3 41. Qxh3 Qxd4 42. Qxh5+ Kg8 43. Qe2 b5 44. Qxb5 Qxe4 45. Qb8+ Kh7 46. Qg3 Qb4 47. a3 Qxb2 48. Bd3+ 1-0

[Event "AUT-ch Vor4 Internet"]
[Site "Playchess.com INT"]
[Date "2020.04.25"]
[Round "9"]
[White "Rosol, Philip"]
[Black "Schwabeneder, Alois"]
[Result "1-0"]
[WhiteElo "1468"]
[BlackElo "2004"]
[PlyCount "83"]
[EventDate "2020.04.25"]
[EventType "swiss (blitz)"]
[EventRounds "9"]
[EventCountry "AUT"]
[SourceTitle "EXT 2021"]
[Source "ChessBase"]
[SourceDate "2020.10.23"]
[SourceVersion "1"]
[SourceVersionDate "2020.10.23"]
[SourceQuality "1"]

1. e4 d5 2. exd5 Qxd5 3. Nc3 Qa5 4. Nf3 Nf6 5. Be2 Bf5 6. 0-0 e6 7. d3 Nbd7 8. Bd2 c6 9. Ne4 Qc7 10. Nxf6+ gxf6 11. a4 0-0-0 12. b4 e5 13. b5 c5 14. c4 e4 15. Nh4 Bg6 16. dxe4 Bxe4 17. Bf3 f5 18. Bxe4 fxe4 19. Qg4 Re8 20. Bc3 h5 21. Qf5 Rh6 22. Qxf7 Rhe6 23. Rad1 Nf6 24. Qxc7+ Kxc7 25. Bxf6 Rxf6 26. g3 Bg7 27. Rd5 b6 28. Rfd1 Re7 29. Rxh5 Ref7 30. Rhd5 Rxf2 31. Rd7+ Rxd7 32. Rxd7+ Kxd7 33. Kxf2 Bd4+ 34. Ke2 Ke6 35. Ng2 Kf5 36. h3 Ke5 37. Ne3 Kf6 38. Ng4+ Kf5 39. Nh6+ Kg5 40. Nf7+ Kf5 41. Nd6+ Kg5 42. Nxe4+ 1-0

[Event "AUT-ch Vor3 Internet"]
[Site "Playchess.com INT"]
[Date "2020.04.17"]
[Round "4"]
[White "Schwabeneder, Alois"]
[Black "Kessler, Manuel"]
[Result "0-1"]
[WhiteElo "2004"]
[BlackElo "1731"]
[PlyCount "48"]
[EventDate "2020.04.17"]
[EventType "swiss (blitz)"]
[EventRounds "9"]
[EventCountry "AUT"]
[SourceTitle "CBM 195 Extra"]
[Source "ChessBase"]
[SourceDate "2020.05.31"]
[SourceVersion "1"]
[SourceVersionDate "2020.05.31"]
[SourceQuality "1"]

1. e4 c5 2. Nf3 e6 3. g3 Nc6 4. Bg2 Nf6 5. d3 d5 6. Qe2 Be7 7. 0-0 0-0 8. c3 Re8 9. a4 e5 10. Na3 d4 11. Nc4 Bg4 12. h3 Bxf3 13. Bxf3 Qd7 14. Bg2 Rad8 15. Rd1 Qc7 16. f4 exf4 17. Bxf4 Qc8 18. g4 Bf8 19. a5 Nd7 20. Qf2 Nde5 21. Qg3 Nxc4 22. dxc4 Qe6 23. cxd4 Nxd4 24. b3 Ne2+ 0-1

[Event "AUT-ch Vor3 Internet"]
[Site "Playchess.com INT"]
[Date "2020.04.17"]
[Round "5"]
[White "Schwabeneder, Alois"]
[Black "Tolstykh, Makarius"]
[Result "1-0"]
[WhiteElo "2004"]
[BlackElo "1061"]
[PlyCount "49"]
[EventDate "2020.04.17"]
[EventType "swiss (blitz)"]
[EventRounds "9"]
[EventCountry "AUT"]
[SourceTitle "CBM 195 Extra"]
[Source "ChessBase"]
[SourceDate "2020.05.31"]
[SourceVersion "1"]
[SourceVersionDate "2020.05.31"]
[SourceQuality "1"]

1. e4 c6 2. d4 d5 3. Nc3 dxe4 4. Nxe4 Bf5 5. Ng3 Bg6 6. h4 h6 7. Nf3 Nf6 8. Bd3 Bxd3 9. Qxd3 Nbd7 10. Bd2 Qc7 11. 0-0-0 0-0-0 12. c4 e6 13. Kb1 Kb8 14. Rhe1 c5 15. Ne4 Nxe4 16. Qxe4 cxd4 17. Bf4 e5 18. Nxe5 Ka8 19. Nxf7 Qb6 20. Nxd8 Qxd8 21. Rxd4 Bc5 22. Rd5 Bb4 23. Red1 Nf6 24. Rxd8+ Rxd8 25. Rxd8# 1-0

[Event "AUT-ch Vor2 Internet"]
[Site "Playchess.com INT"]
[Date "2020.04.13"]
[Round "6"]
[White "Griessnig, Thomas"]
[Black "Schwabeneder, Alois"]
[Result "1/2-1/2"]
[WhiteElo "1895"]
[BlackElo "2004"]
[PlyCount "69"]
[EventDate "2020.04.13"]
[EventType "swiss (blitz)"]
[EventRounds "9"]
[EventCountry "AUT"]
[SourceTitle "CBM 195 Extra"]
[Source "ChessBase"]
[SourceDate "2020.05.31"]
[SourceVersion "1"]
[SourceVersionDate "2020.05.31"]
[SourceQuality "1"]

1. d4 Nf6 2. Nf3 g6 3. e3 Bg7 4. Bd3 d6 5. 0-0 0-0 6. b3 Nbd7 7. Bb2 c5 8. dxc5 Nxc5 9. Be2 b6 10. c4 Bb7 11. Nbd2 Rc8 12. b4 Nce4 13. Nxe4 Nxe4 14. Bxg7 Kxg7 15. Rc1 d5 16. Qd4+ Kg8 17. c5 bxc5 18. bxc5 Qa5 19. Rc2 e6 20. Rfc1 Ba6 21. Bxa6 Qxa6 22. h4 h5 23. Ne5 Rc7 24. c6 Rfc8 25. f3 Nd6 26. Nd7 Nc4 27. Nf6+ Kf8 28. Nd7+ Kg8 29. Nf6+ Kf8 30. Nd7+ Ke8 31. Qh8+ Ke7 32. Qf6+ Ke8 33. Qh8+ Ke7 34. Qf6+ Ke8 35. Qh8+ 1/2-1/2

[Event "AUT-ch Vor2 Internet"]
[Site "Playchess.com INT"]
[Date "2020.04.13"]
[Round "4"]
[White "Rotter, Harald"]
[Black "Schwabeneder, Alois"]
[Result "0-1"]
[WhiteElo "1854"]
[BlackElo "2004"]
[PlyCount "48"]
[EventDate "2020.04.13"]
[EventType "swiss (blitz)"]
[EventRounds "9"]
[EventCountry "AUT"]
[SourceTitle "CBM 195 Extra"]
[Source "ChessBase"]
[SourceDate "2020.05.31"]
[SourceVersion "1"]
[SourceVersionDate "2020.05.31"]
[SourceQuality "1"]

1. e4 d5 2. exd5 Qxd5 3. Nc3 Qa5 4. g3 Nf6 5. Bg2 c5 6. Nge2 a6 7. d3 Qc7 8. 0-0 Nc6 9. Re1 e6 10. Bg5 Be7 11. Qd2 0-0 12. a3 Rb8 13. d4 cxd4 14. Nxd4 Rd8 15. Bxc6 bxc6 16. Qe3 Rxb2 17. Na4 Rb8 18. Rad1 Nd5 19. Qd2 Bxg5 20. Qxg5 c5 21. Nc6 f6 22. Rxd5 exd5 23. Ne7+ Qxe7 24. Rxe7 fxg5 0-1

[Event "AUT-ch Vor2 Internet"]
[Site "Playchess.com INT"]
[Date "2020.04.13"]
[Round "7"]
[White "Schwabeneder, Alois"]
[Black "Charaus, Florian"]
[Result "1-0"]
[WhiteElo "2004"]
[BlackElo "2055"]
[PlyCount "67"]
[EventDate "2020.04.13"]
[EventType "swiss (blitz)"]
[EventRounds "9"]
[EventCountry "AUT"]
[SourceTitle "CBM 195 Extra"]
[Source "ChessBase"]
[SourceDate "2020.05.31"]
[SourceVersion "1"]
[SourceVersionDate "2020.05.31"]
[SourceQuality "1"]

1. e4 c6 2. d4 d5 3. Nc3 dxe4 4. Nxe4 Bf5 5. Ng3 Bg6 6. h4 h6 7. Nf3 Nd7 8. Bd3 Bxd3 9. Qxd3 e6 10. Bd2 Ngf6 11. 0-0-0 a5 12. Kb1 Qb6 13. Ne4 Nxe4 14. Qxe4 Nf6 15. Qe2 Bb4 16. c3 Bd6 17. c4 Bb4 18. Ne5 Bxd2 19. Rxd2 Qc7 20. g4 0-0-0 21. f4 Ne8 22. Rc1 Nd6 23. d5 exd5 24. cxd5 Rhe8 25. Qf3 f6 26. Nxc6 Kd7 27. Ne5+ fxe5 28. Rxc7+ Kxc7 29. fxe5 Rxe5 30. Qc3+ Kb8 31. Qxe5 Ka7 32. Qxg7 Ne4 33. Rd4 Nc5 34. Qc7 1-0

[Event "AUT-ch Vor1 Internet"]
[Site "Playchess.com INT"]
[Date "2020.04.11"]
[Round "6"]
[White "Balint, Peter1111"]
[Black "Schwabeneder, Alois"]
[Result "1-0"]
[WhiteElo "2105"]
[BlackElo "2004"]
[PlyCount "41"]
[EventDate "2020.04.11"]
[EventType "swiss (blitz)"]
[EventRounds "9"]
[EventCountry "AUT"]
[SourceTitle "CBM 195 Extra"]
[Source "ChessBase"]
[SourceDate "2020.05.31"]
[SourceVersion "1"]
[SourceVersionDate "2020.05.31"]
[SourceQuality "1"]

1. e4 d5 2. exd5 Qxd5 3. Nc3 Qa5 4. d4 Nf6 5. Nf3 Bf5 6. Be3 e6 7. Bd3 Bg6 8. 0-0 Nbd7 9. a3 c6 10. Ne2 Qc7 11. Ng3 Bd6 12. c4 Ng4 13. Bc1 0-0-0 14. b4 Ndf6 15. c5 Bxg3 16. hxg3 Be4 17. Bf4 Qd7 18. Bxe4 Nxe4 19. Qa4 a6 20. Rac1 Qxd4 21. Nxd4 1-0

[Event "AUT-ch Vor1 Internet"]
[Site "Playchess.com INT"]
[Date "2020.04.11"]
[Round "2"]
[White "Schwabeneder, Alois"]
[Black "Keim, Philipp"]
[Result "1-0"]
[WhiteElo "2004"]
[BlackElo "1919"]
[PlyCount "57"]
[EventDate "2020.04.11"]
[EventType "swiss (blitz)"]
[EventRounds "9"]
[EventCountry "AUT"]
[SourceTitle "CBM 195 Extra"]
[Source "ChessBase"]
[SourceDate "2020.05.31"]
[SourceVersion "1"]
[SourceVersionDate "2020.05.31"]
[SourceQuality "1"]

1. e4 c6 2. d4 d5 3. Nc3 dxe4 4. Nxe4 Bf5 5. Ng3 Bg6 6. h4 h6 7. Nf3 Nd7 8. Bd3 Bxd3 9. Qxd3 Ngf6 10. Bd2 e6 11. 0-0-0 Bd6 12. Rhe1 0-0 13. Ne5 Bxe5 14. dxe5 Nd5 15. Qe4 Nc5 16. Qg4 Kh7 17. Kb1 Qb6 18. Ne4 a5 19. Nd6 Na4 20. Qxa4 c5 21. Qg4 a4 22. Qe4+ g6 23. h5 a3 24. b3 c4 25. Nxf7 Rg8 26. Nxh6 cxb3 27. cxb3 Qxf2 28. Ng4 Nc3+ 29. Bxc3 1-0

[Event "AUT-ch Vor1 Internet"]
[Site "Playchess.com INT"]
[Date "2020.04.11"]
[Round "4"]
[White "Soelkner, Julian"]
[Black "Schwabeneder, Alois"]
[Result "1-0"]
[WhiteElo "1484"]
[BlackElo "2004"]
[PlyCount "83"]
[EventDate "2020.04.11"]
[EventType "swiss (blitz)"]
[EventRounds "9"]
[EventCountry "AUT"]
[SourceTitle "CBM 195 Extra"]
[Source "ChessBase"]
[SourceDate "2020.05.31"]
[SourceVersion "1"]
[SourceVersionDate "2020.05.31"]
[SourceQuality "1"]

1. e4 c6 2. d4 d5 3. exd5 cxd5 4. Nc3 Nc6 5. Nf3 Bg4 6. Bd3 e6 7. Bf4 Bd6 8. Bg3 Nge7 9. 0-0 0-0 10. a3 a6 11. b4 Rc8 12. Na4 Bxg3 13. hxg3 g6 14. Nc5 Nxd4 15. Nxb7 Qb6 16. Nc5 a5 17. Nd7 Qb7 18. Nxf8 axb4 19. Nxg6 hxg6 20. axb4 Qxb4 21. Rb1 Qd6 22. Ra1 Nef5 23. Ra2 e5 24. Be2 Nxe2+ 25. Qxe2 e4 26. Kh2 Rc3 27. Ra8+ Kg7 28. Qa6 exf3 29. gxf3 Bxf3 30. Qa1 Qe5 31. Ra3 d4 32. Re1 Qd6 33. Rxc3 dxc3 34. Qxc3+ Nd4 35. Re3 Bb7 36. Rd3 Qc6 37. Qxd4+ Kg8 38. Qd8+ Kg7 39. Qd4+ Kg8 40. f3 Qxc2+ 41. Rd2 Qd1 42. Rxd1 1-0

[Event "Oberoesterreich-ch op"]
[Site "Traun"]
[Date "2017.04.12"]
[Round "6"]
[White "Schwabeneder, Alois"]
[Black "Gruber, Gernot"]
[Result "1-0"]
[WhiteElo "1999"]
[BlackElo "1998"]
[PlyCount "41"]
[EventDate "2017.04.07"]
[EventType "swiss"]
[EventRounds "9"]
[EventCountry "AUT"]
[SourceTitle "EXT 2024"]
[Source "ChessBase"]
[SourceDate "2023.10.10"]
[SourceVersion "1"]
[SourceVersionDate "2023.10.10"]
[SourceQuality "1"]

1. e4 e6 2. d3 d5 3. Qe2 d4 4. f4 Nf6 5. Nf3 c5 6. g3 Nc6 7. Bg2 Be7 8. 0-0 Bd7 9. a3 Qb6 10. a4 Rc8 11. Na3 Na5 12. Ne5 c4 13. Kh1 cxd3 14. cxd3 Bxa4 15. Nac4 Nxc4 16. Nxc4 Qb3 17. Na5 Qc2 18. Bd2 Bc6 19. Rfc1 Qxb2 20. Nc4 Qb3 21. Rcb1 1-0

[Event "Oberoesterreich-ch op"]
[Site "Traun"]
[Date "2017.04.09"]
[Round "3"]
[White "Freimueller, Peter"]
[Black "Schwabeneder, Alois"]
[Result "1-0"]
[WhiteElo "2038"]
[BlackElo "1999"]
[PlyCount "100"]
[EventDate "2017.04.07"]
[EventType "swiss"]
[EventRounds "9"]
[EventCountry "AUT"]
[SourceTitle "EXT 2024"]
[Source "ChessBase"]
[SourceDate "2023.10.10"]
[SourceVersion "1"]
[SourceVersionDate "2023.10.10"]
[SourceQuality "1"]

1. d4 Nf6 2. Nf3 g6 3. g3 Bg7 4. Bg2 0-0 5. 0-0 d6 6. c4 Nbd7 7. Nc3 e5 8. dxe5 Nxe5 9. Nxe5 dxe5 10. Qc2 c6 11. Rd1 Qe7 12. h3 Be6 13. Be3 Rfd8 14. Rxd8+ Rxd8 15. Bxa7 Bxc4 16. Bb6 Ra8 17. Rd1 Qb4 18. Be3 h6 19. b3 Be6 20. Na4 Bf5 21. Qc1 Kh7 22. Bc5 Qa5 23. Qc3 Qa6 24. Qe3 Nd5 25. Bxd5 cxd5 26. Rxd5 Bxh3 27. Rd6 Qa5 28. Qc3 Qc7 29. Qb4 e4 30. Qb6 Qc8 31. Rd1 Bg4 32. Rd2 Ra6 33. Qb5 Rc6 34. b4 h5 35. Nb6 Qf5 36. Nd5 h4 37. Qxb7 Re6 38. Ne3 Qg5 39. Rd5 Bf5 40. Kg2 hxg3 41. fxg3 Kg8 42. Qb8+ Kh7 43. g4 Ra6 44. Qh2+ Kg8 45. Kf2 Rxa2 46. gxf5 gxf5 47. Nxf5 e3+ 48. Bxe3 Qg4 49. Ne7+ Kf8 50. Rd8+ Kxe7 1-0

[Event "Oberoesterreich-ch op"]
[Site "Traun"]
[Date "2017.04.08"]
[Round "2"]
[White "Schwabeneder, Alois"]
[Black "Hoelzl, Bernhard"]
[Result "1/2-1/2"]
[WhiteElo "1999"]
[BlackElo "1807"]
[PlyCount "62"]
[EventDate "2017.04.07"]
[EventType "swiss"]
[EventRounds "9"]
[EventCountry "AUT"]
[SourceTitle "EXT 2024"]
[Source "ChessBase"]
[SourceDate "2023.10.10"]
[SourceVersion "1"]
[SourceVersionDate "2023.10.10"]
[SourceQuality "1"]

1. Nf3 c6 2. c4 d5 3. e3 Nf6 4. b3 Bf5 5. Bb2 Nbd7 6. Be2 e6 7. 0-0 Bd6 8. d3 0-0 9. Nbd2 Bg6 10. Qc2 h6 11. Rad1 Rc8 12. Rfe1 e5 13. Nf1 e4 14. N3d2 Qe7 15. dxe4 Nxe4 16. Nxe4 Bxe4 17. Qd2 Nf6 18. Bd4 Rfd8 19. Qb2 Bb4 20. Nd2 c5 21. Bxf6 gxf6 22. Nxe4 dxe4 23. Rf1 Rc6 24. Rd5 Rcd6 25. Rfd1 Qe6 26. h3 f5 27. Kh2 a6 28. g4 Rxd5 29. cxd5 Rxd5 30. Rxd5 Qxd5 31. Bc4 Qd6+ 1/2-1/2

[Event "AUT-chT 1516"]
[Site "Austria"]
[Date "2016.04.01"]
[Round "10.1"]
[White "Schwabeneder, Alois"]
[Black "Wallner, Joachim"]
[Result "0-1"]
[WhiteElo "2005"]
[BlackElo "2315"]
[PlyCount "64"]
[EventDate "2015.11.05"]
[EventType "team-tourn"]
[EventRounds "11"]
[EventCountry "AUT"]
[SourceTitle "EXT 2017"]
[Source "ChessBase"]
[SourceDate "2016.10.25"]
[SourceVersion "1"]
[SourceVersionDate "2016.10.25"]
[SourceQuality "1"]
[WhiteTeam "Grieskirchen/Schallerbach"]
[BlackTeam "Wulkaprodersdorf"]
[WhiteTeamCountry "AUT"]
[BlackTeamCountry "AUT"]

1. Nf3 d5 2. c4 c6 3. e3 Nf6 4. Qc2 a6 5. Be2 Bg4 6. 0-0 e6 7. b3 Bd6 8. Bb2 Nbd7 9. d3 e5 10. Nbd2 0-0 11. Rac1 Re8 12. cxd5 cxd5 13. e4 Nb6 14. Rfd1 Nh5 15. Nd4 Qg5 16. Bxg4 Qxg4 17. f3 Qg5 18. Nf5 Rac8 19. Qb1 Nf4 20. g3 Bc5+ 21. d4 exd4 22. h4 Qg6 23. Kh2 Ne2 24. Rxc5 Rxc5 25. Qd3 Nc3 26. Rc1 dxe4 27. Ne7+ Rxe7 28. Qxd4 Rd7 29. Qxc5 Rxd2+ 30. Kh3 Qe6+ 31. g4 Ncd5 32. Ba3 h5 0-1

[Event "AUT-chT 1516"]
[Site "Austria"]
[Date "2016.03.31"]
[Round "9.6"]
[White "Schwabeneder, Alois"]
[Black "Pacher, Simon"]
[Result "1-0"]
[WhiteElo "2005"]
[BlackElo "2028"]
[PlyCount "81"]
[EventDate "2015.11.05"]
[EventType "team-tourn"]
[EventRounds "11"]
[EventCountry "AUT"]
[SourceTitle "EXT 2017"]
[Source "ChessBase"]
[SourceDate "2016.10.25"]
[SourceVersion "1"]
[SourceVersionDate "2016.10.25"]
[SourceQuality "1"]
[WhiteTeam "Grieskirchen/Schallerbach"]
[BlackTeam "Raika Feffernitz"]
[WhiteTeamCountry "AUT"]
[BlackTeamCountry "AUT"]

1. Nf3 Nf6 2. c4 e6 3. b3 Be7 4. Bb2 0-0 5. e3 c5 6. Be2 d5 7. 0-0 Nc6 8. d4 Ne4 9. Nbd2 f5 10. dxc5 Nxc5 11. a3 Bf6 12. Qc2 d4 13. exd4 Nxd4 14. Nxd4 Bxd4 15. Rad1 Bxb2 16. Qxb2 Qf6 17. Qxf6 gxf6 18. Bf3 a5 19. b4 axb4 20. axb4 Nd3 21. b5 Ne5 22. Be2 Ra2 23. f4 Rd8 24. Nb3 Nf7 25. Rxd8+ Nxd8 26. Rd1 Nf7 27. Kf1 Kf8 28. Nc5 Ke7 29. Nb3 Rb2 30. Nd4 e5 31. Nf3 b6 32. Ra1 Kd6 33. Ra7 Be6 34. Rb7 Kc5 35. Rc7+ Kb4 36. Re7 Nd8 37. fxe5 fxe5 38. Nxe5 Rd2 39. Nc6+ Nxc6 40. bxc6 Rd6 41. c7 1-0